Top 30 : Shawn Mendes - Statistiques

Statistiques générales
  • Ce quiz a été pris 60 fois
  • Le résultat moyen est 16 sur 30
Statistiques - réponses
Top Titres Featuring % Correct
1 Señorita Camila Cabello
100%
8 I Know What You Did Last Summer Camila Cabello
87%
2 Treat You Better
87%
4 Stitches
85%
5 Mercy
80%
27 Mercy - Acoustic
80%
9 Monster Justin Bieber
80%
7 In My Blood
78%
11 Lost In Japan
74%
22 Lost In Japan - Remix Zedd
74%
10 Wonder
70%
18 Youth Khalid
65%
6 If I Can't Have You
61%
20 Lover (Remix) Taylor Swift
52%
16 Never Be Alone
52%
3 There's Nothing Holdin' Me Back
52%
19 Life Of The Party
50%
24 Something Big
50%
13 Summer of Love Tainy
41%
12 Imagination
39%
28 Roses
35%
29 Ruin
35%
15 It'll Be Okay
30%
21 KESI - Remix Camilo
28%
25 Nervous
28%
17 When You're Gone
24%
14 Fallin' All In You
13%
30 Perfectly Wrong
13%
26 Where Were You In The Morning?
13%
23 A Little Too Much
11%
Aucun quiz correspondant
Distribution des résultats
% des personnes avec chaque résultat
Percentile par nombre de réponses
Votre historique - résultats
Vous n’avez pas pris ce quiz